| 000 | 00756cam a22002653a 4500 | ||
|---|---|---|---|
| 001 | 1508 | ||
| 003 | PGUSA | ||
| 005 | 20230525153734.0 | ||
| 008 | 981001s1998||||xxu|||||s|||||000 | eng d | ||
| 040 |
_aPGUSA _beng |
||
| 042 | _adc | ||
| 050 | 4 | _aPR | |
| 100 | 1 |
_aShakespeare, William, _d1564-1616 |
|
| 245 | 1 | 4 |
_aThe Taming of the Shrew _h[electronic resource] / _cWilliam Shakespeare |
| 260 |
_bProject Gutenberg, _c1998 |
||
| 506 | _aPublic domain in the USA. | ||
| 516 | _aText | ||
| 653 | _aPadua (Italy) -- Drama | ||
| 653 | _aComedies | ||
| 653 | _aMarried people -- Drama | ||
| 653 | _aSex role -- Drama | ||
| 653 | _aMan-woman relationships -- Drama | ||
| 830 | 0 |
_aProject Gutenberg _v1508 |
|
| 856 | 4 | 0 | _uhttp://www.gutenberg.org/ebooks/1508 |
| 999 |
_c14863 _d14863 |
||